| 000 | 02790cam a2200349 i 4500 | ||
|---|---|---|---|
| 001 | 17969047 | ||
| 003 | EG-ScBUE | ||
| 005 | 20250518082000.0 | ||
| 008 | 131211t2014 flua f bf 001 0 eng d | ||
| 020 | _a1439848882 (hardcover : acidfree paper) | ||
| 020 | _a9781439848883 | ||
| 040 |
_aEG-ScBUE _beng _erda _cEG-ScBUE _dEG-ScBUE |
||
| 082 | 0 | 4 |
_a530.8 _bMEA _222 |
| 245 | 0 | 0 |
_aMeasurement, instrumentation, and sensors handbook : _bspatial, mechanical, thermal and radiation measurement / _cedited by John G. Webster, Halit Eren. |
| 250 | _aSecond edition. | ||
| 264 | 1 |
_aBoca Raton : _bCRC Press / Taylor & Francis Group, _c[2014] |
|
| 264 | 4 | _cc2014 | |
| 300 |
_a1 volume (various pagings) : _billustrations ; _c26 cm |
||
| 336 |
_2rdacontent _atext _btxt |
||
| 337 |
_2rdamedia _aunmediated _bn |
||
| 338 |
_2rdacarrier _avolume _bnc |
||
| 504 | _aIncludes bibliographical references and index. | ||
| 520 | _a"The Second Edition of the bestselling Measurement, Instrumentation, and Sensors Handbook brings together all aspects of the design and implementation of measurement, instrumentation, and sensors. Reflecting the current state of the art, it describes the use of instruments and techniques for performing practical measurements in engineering, physics, chemistry, and the life sciences and discusses processing systems, automatic data acquisition, reduction and analysis, operation characteristics, accuracy, errors, calibrations, and the incorporation of standards for control purposes. Organized according to measurement problem, the Electromagnetic, Optical, Radiation, Chemical, and Biomedical Measurement volume of the Second Edition:Contains contributions from field experts, new chapters, and updates to all 98 existing chaptersCovers sensors and sensor technology, time and frequency, signal processing, displays and recorders, and optical, medical, biomedical, health, environmental, electrical, electromagnetic, and chemical variablesA concise and useful reference for engineers, scientists, academic faculty, students, designers, managers, and industry professionals involved in instrumentation and measurement research and development, Measurement, Instrumentation, and Sensors Handbook, Second Edition: Electromagnetic, Optical, Radiation, Chemical, and Biomedical Measurement provides readers with a greater understanding of advanced applications"-- | ||
| 650 | 7 |
_aPhysical measurements _vHandbooks, manuals, etc. _2BUEsh |
|
| 650 | 7 |
_aMeasurement _vHandbooks, manuals, etc. _2BUEsh |
|
| 650 | 7 |
_aScientific apparatus and instruments _vHandbooks, manuals, etc. _2BUEsh |
|
| 653 |
_bENGGEN _cJune2015 _cAugust2015 |
||
| 655 | _vReading book | ||
| 700 | 1 |
_aWebster, John G., _d1932- _eeditor. _937818 |
|
| 700 | 1 |
_aEren, Halit, _ceditor. |
|
| 942 |
_2ddc _cBB |
||
| 999 |
_c19569 _d19541 |
||